| 000 | 00438nam a2200133 4500 | ||
|---|---|---|---|
| 008 | 779.092 P419c | ||
| 020 | _a9788565709125 | ||
| 082 |
_a779.092 _bP419c |
||
| 100 |
_aAndré Penteado _96210 |
||
| 245 | _aCabanagem | ||
| 260 |
_aSão Paulo _bEditora Madalena _c2015 |
||
| 300 |
_a220 p. _bill (col), tres libros _c28 x 22.5 cm., 22.5 x 22.5, 28 x 22 cm. |
||
| 650 |
_xarte contemporáneo _xfotografía _xBrasil _xCabanagem _xconflictos sociales _96212 |
||
| 999 |
_c1412 _d1412 |
||